| 000 | 00359nam a22001457a 4500 | ||
|---|---|---|---|
| 003 | SGT | ||
| 020 | _a9781455749638 | ||
| 082 |
_a617.525 _bO12S |
||
| 100 | _aStephen A. Schendel | ||
| 245 | _aThe Orbit | ||
| 260 |
_aLondon, United Kingdom _bElsevier Health Sciences _c2012 |
||
| 300 | _a525-719 | ||
| 650 | _aOral and Maxillofacial Surgery | ||
| 942 |
_2ddc _cBK |
||
| 999 |
_c18343 _d18343 |
||